Polacy na Worldsach - Statystyki

Ogólne statystyki
  • Ten quiz został rozwiązany 969 razy
  • Średni wynik to 7 z 10
Statystyki odpowiedzi
Gracz % Poprawnych
1 Jankos
99%
2 Inspired
90%
3 Trymbi
82%
4 Vander
81%
7 Shushei
76%
8 Selfmade
68%
9 Fresskowy
62%
6 Kikis
62%
5 Jactroll
54%
10 Busio
47%
Nie znaleziono quizów pasujących do podanych kryteriów
Rozkład punktacji
Procent ludzi z każdym wynikiem
Percentyl według liczby udzielonych odpowiedzi
Twoja historia wyników
Nie rozwiązałeś tego quizu